Darts Premier League 2025 - Statistics

General Stats
  • This quiz has been taken 181 times
  • The average score is 8 of 8
Answer Stats
Nationality Answer % Correct
ENG Luke Littler
99%
NED Michael van Gerwen
98%
WAL Gerwyn Price
97%
ENG Luke Humphries
96%
ENG Stephen Bunting
94%
ENG Rob Cross
92%
ENG Nathan Aspinall
90%
ENG Chris Dobey
88%
No matching quizzes found
Score Distribution
Percent of People with Each Score
Percentile by Number Answered
Your Score History
You have not taken this quiz